01190nam a22002657a 450000500170000001000130001702000230003003500130005303700160006604000120008208200280009410000440012224500930016624600430025926000860030227001070038830000570049565000680055265000420062065000340066265000220069694200370071899900190075595201500077420170124102930.0  aB-136446  c300.00a8179650707  aB-136446  bCen Lib/Ret  aDPLbHN  a070.4bसुरेश   aसुरेश कुमार 944821  aइंटरनेट पत्रकारिता /cसुरेश कुमार   aInternet patrkarita /bby Suresh Kumar  bतक्षशिला प्रकाशन aनई दिल्ली c2004  a98-ए, हिंदी पार्क, दरियागंज bनई दिल्ली e110002  axiv,178पृ. c21सेमी (सजिल्द)  aइंटरनेट --  पत्रकारिता944822  aपत्रकारिता944823  aInternet -- journalism944824  aJournalism944825  2ddccHNh070.4mसुरेश   c111865d111865  00104070aLbLd2015-08-05eCen Lib/Retg300.00l4o070.4 सुरेशpB-136446r2019-10-04 00:00:00s2019-09-21t1v300.00w2015-08-05yHN